00360nam a2200109Ia 4500008004100000082001600041100002300057245005400080942000600134952009700140999001300237240331s9999 xx 000 0 und d a294.38bPER aPerera, M.Theodore 4athe Dhammapada :bYamaka Vagga and Appamada Vagga cL 001040708LaWERCLbWERCLcSSCd2024-03-31l0o 294.38 PERp694r2024-03-31w2024-03-31yL c933d933